Responses for show #7322 - Tuesday, June 14, 2016

Hunter Appler game 5.

Contestants

Zane Dowty, a pharmacist from Denver, Colorado

Dana Thurmond Bruno, a humanities professor from Orlando, Florida

Hunter Appler, an attorney originally from Mount Airy, North Carolina (whose 4-day cash winnings total $93,001)

Jeopardy! Round responses

HISTORY REPEATS
THE ENTERTAINER
PATENTS
BIBLICAL ART
WHERE'S THAT STATE SCHOOL?
"EFF" FOR EFFORT
    $200 14
Amelia Earhart

Dana
    $200 6
the ringmaster

Hunter
    $200 26
a typewriter

Hunter
    $200 9
Michelangelo

Dana
    $200 28
Berkeley

Dana
    $200 1
effervescent

Hunter
    $400 15
Vesuvius

Hunter
    $400 7
fireworks

Hunter
    $400 25
tires

Dana
    $400 10
Judas

Zane
    $400 17
Norman

Zane
    $400 2
an effigy

Hunter
    $600 21
Garfield

Dana
    $600 8
play music

Dana
    $600 19
barbed wire

Hunter
    $600 11
Cana

Dana
    $600 18
Moscow

Triple Stumper
    $600 3
effacing

Hunter
    $800 22
Columbia

Hunter
    $800 16
a busker

Zane
    $800 20
the sewing machine

Dana
    $800 12
(St.) Peter

Dana
    $800 29
(Zane: What is... Jackson?)

Oxford

Zane
Triple Stumper
    $800 4
the effrontery

Triple Stumper
    $500 23
(Alex: Hunter?)
(Hunter: I don't know.)

Catherine Howard

Hunter
    $1000 27
a puppeteer

Hunter
    $1000 24
a shuttle

Hunter
    $1000 13
Stephen

Dana
    $1000 30
Athens

Hunter
    $1000 5
an efficiency

Hunter

Scores at the first commercial break (after clue 15):

Hunter Dana Zane
$3,200 $3,400 $400

Scores at the end of the Jeopardy! Round:

Hunter Dana Zane
$7,300 $5,400 $800

Double Jeopardy! Round responses

FASHION
HEROES
MODERN LOVE
REBEL, REBEL
LET'S GDANSK
DAVID BOWIE
    $400 18
bohemian

Hunter
    $400 2
an idol

Dana
    $400 6
speed dating

Hunter
    $400 10
(Zane: What is... Mississippi?)

Missouri

DanaZane
    $400 13
Solidarity

Hunter
    $400 14
The Monkees

Hunter
    $800 19
a bomber jacket

Dana
    $2,000 3
(Dana: I don't know. I'm...)
(Alex: Take a guess.
(Dana: What is, uh, [*]?)
(Alex: That's right.)
(Dana: Oh! Ah...)
[Applause]
(Dana: Oh, wow! I guessed.)
(Alex: You see, I've noticed quite often that our players know more than they are ready to admit.)

a champion

Dana
    $800 7
FaceTime

Hunter
    $800 11
abstract

Zane
    $800 27
the Treaty of Versailles

Hunter
    $800 12
Iman

Hunter
    $1,000 24
(Dana: What is hermaphrodite?)

androgynous

Dana
    $1200 4
The Manchester Guardian

Triple Stumper
    $1200 8
ghosting

Dana
    $1200 20
(Hunter: Who is Emerson?)

Thoreau

HunterDana
    $1200 28
a U-boat

Hunter
    $1200 15
Lady Gaga

Triple Stumper
    $1600 25
Peter Pan

Dana
    $1600 5
defender

Hunter
    $1600 1
nondenominational

Hunter
    $1600 21
de Sade

Dana
    $1600 29
(Dana: What are the Templar?)

the Teutonic Knights

Dana
Triple Stumper
    $1600 16
Ziggy Stardust

Hunter
    $2000 26
Neoprene

Hunter
    $2000 9
Paladins

Hunter
    $2000 23
Second Life

Dana
    $2000 22
Schoenberg

Dana
    $2000 30
G√ľnter Grass

Dana
    $2000 17
Blackstar

Triple Stumper

Scores at the end of the Double Jeopardy! Round:

Hunter Dana Zane
$20,100 $18,000 $1,200

[wagering suggestions for these scores]

Final Jeopardy! Round responses

CONTEMPORARIES
ZaneWho is Marx?
$1,000
DanaWho is Marx?
$10,000
HunterWho is Marx?
$15,901
Karl Marx

Final scores:

Hunter Dana Zane
$36,001 $28,000 $2,200
5-day champion: $129,002 2nd place: $2,000 3rd place: $1,000

Game dynamics:

Coryat scores:

Hunter Dana Zane
$20,600 $17,800 $1,200
26 R,
2 W
(including 1 DD)
21 R
(including 1 DD),
2 W
(including 1 DD)
4 R,
2 W

Combined Coryat: $39,600

The J! Archive is created by fans, for fans. The Jeopardy! game show and all elements thereof, including but not limited to copyright and trademark thereto, are the property of Jeopardy Productions, Inc. and are protected under law. This website is not affiliated with, sponsored by, or operated by Jeopardy Productions, Inc. Join the discussion at JBoard.tv.